000
00310nam a2200121Ia 4500
008
220120s9999||||xx |||||||||||||| ||und||
082
_a
823 DEF
100
_a
Defelice, Cynthia
_9
11891
245
4
_a
The missing manatee
260
_a
Scholastic INC
_b
New Delhi
_c
2007
300
_b
0
650
_a
Material Science
999
_c
137430
_d
137430